Violencia de género religiosa vs. libertad de culto / (Registro nro. 6057)
[ vista simple ]
| 000 -LEADER | |
|---|---|
| fixed length control field | 00990nab a22002297a 4500 |
| 003 - CONTROL NUMBER IDENTIFIER | |
| control field | OSt |
| 005 - DATE AND TIME OF LATEST TRANSACTION | |
| control field | 20260120235014.0 |
| 008 - FIXED-LENGTH DATA ELEMENTS--GENERAL INFORMATION | |
| fixed length control field | 190514b xxu||||| |||| 00| 0 spa d |
| 040 ## - CATALOGING SOURCE | |
| Transcribing agency | PJ |
| 100 ## - MAIN ENTRY--PERSONAL NAME | |
| 9 (RLIN) | 6680 |
| Personal name | Arias, Emmanuel Alexis |
| 245 10 - TITLE STATEMENT | |
| Title | Violencia de género religiosa vs. libertad de culto / |
| Statement of responsibility, etc | Emmanuel Alexis Arias. |
| 300 ## - PHYSICAL DESCRIPTION | |
| Extent | p. 164-168 |
| 500 ## - GENERAL NOTE | |
| General note | Cita: TR LALEY AR/DOC/256/2024. |
| 505 ## - FORMATTED CONTENTS NOTE | |
| Formatted contents note | Sumario: I. Breve reseña del caso.— II. Análisis del fallo. |
| 505 ## - FORMATTED CONTENTS NOTE | |
| Title | Fallo comentado: JNiñez,Adoles.Viol.Fliar y de Género de 4° nom., Córdoba ~ 27/06/2023 ~ K. y otros s/ denuncia por violencia de género. |
| 650 #0 - SUBJECT ADDED ENTRY--TOPICAL TERM | |
| 9 (RLIN) | 967 |
| Topical term or geographic name as entry element | DERECHO DE FAMILIA |
| 650 #0 - SUBJECT ADDED ENTRY--TOPICAL TERM | |
| 9 (RLIN) | 3053 |
| Topical term or geographic name as entry element | VIOLENCIA DE GÉNERO |
| 650 #0 - SUBJECT ADDED ENTRY--TOPICAL TERM | |
| 9 (RLIN) | 1214 |
| Topical term or geographic name as entry element | LIBERTAD DE CULTOS |
| 650 #0 - SUBJECT ADDED ENTRY--TOPICAL TERM | |
| 9 (RLIN) | 1057 |
| Topical term or geographic name as entry element | JURISPRUDENCIA APLICABLE |
| 773 0# - HOST ITEM ENTRY | |
| Host Biblionumber | 2844 |
| Host Itemnumber | 3222 |
| Place, publisher, and date of publication | Buenos Aires : AbeledoPerrot, 1989- |
| Title | Derecho de familia. Revista Interdisciplinaria de doctrina y jurisprudencia. Abril 2024-II. |
| International Standard Book Number | 18511201 |
| 942 ## - ADDED ENTRY ELEMENTS (KOHA) | |
| Source of classification or shelving scheme | |
| Koha item type | Analítica Artículo de Revista |
No hay ítems disponibles.
